00640nam a2200193Ia 4500952013100000999001700131003000400148005001700152008004100169020001800210040000900228082001900237100002600256245004200282260004900324300000900373650002000382942004400402 00102ddc40708ISLAMaMESbMEScISLd2019-02-20g38.00l0o297.122 MUR/Qp27232r2019-02-20 00:00:00w2019-02-20yBKzGL49R4 c22490d22490OSt20200206131949.0190216s9999||||xx |||||||||||||| ||und|| a9788172048105 coclc a297.122bMUR/Q a Murad, Khurram91859 0aQuranilekkulla Patha /cKhurram Murad bIslamic Publishing House,c2002.aKozhikode: a135p aIslamic History cBK2ddch297.122iMUR/Qk297.122mMUR/Q